000
00327nam a2200133Ia 4500
008
191201s2004 xx 000 0 und d
082
_a
620.3
_b
GRS
100
_a
GRAHAM Kelly, S
245
0
_a
Schaum's Outlines Mechanical Vibrations
260
_a
N.Delhi
_b
TMH
_c
2004
300
_a
352
650
_a
B.Tech(ME)
942
_2
ddc
_c
BK
999
_c
1678
_d
1678